000 00832nam a2200241Ia 4500
003 OSt
005 20220923224022.0
006 a|||||r|||| 00| 0
007 ta
008 220922b |||||||| |||| 00| 0 hin d
024 _a224,080
037 _cTextual
040 _aARTS
_cARTS
_bhin
041 _2hin
_ahin
082 _aO152,3M28x, P3
100 _aवर्मा, केशवचन्द्र
_9156365
245 0 _aपरिमल
_b स्मृतियॉं और दस्तावेज़
246 _aParimala: smṛutiyaॉan aur dastāveज़
260 _aइलाहाबाद
_b प्रदीपन प्रकाशन
_c2003
300 _a342पृ.
_ccm.
942 _hO152,3M28x, P3
_cTEXL
_2CC
999 _c368696
_d368696